Тензорно поляризованная мишень в электрорасщеплении дейтрона (Запись № 10790899)
[ простой вид ]
| 000 -МАРКЕР | |
|---|---|
| контрольное поле | 01516nam0a22003491 4500 |
| 001 - ИДЕНТИФИКАТОР ЗАПИСИ | |
| контрольное поле | GAK\3366644 |
| 005 - ИДЕНТИФИКАТОР ВЕРСИИ | |
| контрольное поле | 20260407125326.0 |
| 021 ## - НОМЕР ГОСУДАРСТВЕННОЙ РЕГИСТРАЦИИ | |
| Код страны | Российская Федерация |
| Номер | 88-23973 |
| 035 ## - ДРУГИЕ СИСТЕМНЫЕ НОМЕРА | |
| Идентификатор записи | (NLR Aleph) 010956776 |
| 100 ## - ДАННЫЕ ОБЩЕЙ ОБРАБОТКИ | |
| Данные общей обработки | 20160122d1988 |||y0rusy50 ca |
| 101 0# - ЯЗЫК РЕСУРСА | |
| Язык текста, звукозаписи и т.д. | русский |
| 102 ## - СТРАНА ПУБЛИКАЦИИ ИЛИ ПРОИЗВОДСТВА | |
| Страна публикации | Российская Федерация |
| 105 ## - ПОЛЕ КОДИРОВАННЫХ ДАННЫХ: ТЕКСТОВЫЕ МАТЕРИАЛЫ, МОНОГРАФИЧЕСКИЕ | |
| Кодированные данные о монографическом текстовом документе | a z ||||| |
| 200 1# - ЗАГЛАВИЕ И СВЕДЕНИЯ ОБ ОТВЕТСТВЕННОСТИ | |
| Основное заглавие | Тензорно поляризованная мишень в электрорасщеплении дейтрона |
| Первые сведения об ответственности | М.П. Рекало, Г.И. Гах, А.П. Рекало |
| 210 ## - ПУБЛИКАЦИЯ, РАСПРОСТРАНЕНИЕ И ДР. | |
| Место издания, распространения и т.д. | Москва |
| Имя издателя, распространителя и т. д. | ЦНИИатоминформ |
| Дата издания, распространения и т.д. | 1988 |
| 215 ## - ФИЗИЧЕСКАЯ ХАРАКТЕРИСТИКА | |
| Специфическое обозначение материала и объем | [1], 15 с. |
| Другие сведения о физической характеристике | граф. |
| Размеры | 20 |
| 225 1# - СЕРИЯ | |
| Основное заглавие серии | Препринт |
| Сведения об ответственности | Харьк. физ.-техн. ин-т АН УССР |
| Обозначение тома | ХФТИ 88-8 |
| 320 ## - ПРИМЕЧАНИЯ О НАЛИЧИИ В ДОКУМЕНТЕ БИБЛИОГРАФИИ / УКАЗАТЕЛЯ | |
| Текст примечания | Библиогр.: с. 13-15 |
| 606 1# - НАИМЕНОВАНИЕ ТЕМЫ КАК ПРЕДМЕТ | |
| Наименование темы | Дейтроны |
| Тематический подзаголовок | Ядерные реакции, вызываемые электронами |
| Системный номер авторитетной/нормативной записи | 1082775 |
| Идентификатор авторитетной/нормативной записи | RU\NLR\AUTH\66104592 |
| 606 1# - НАИМЕНОВАНИЕ ТЕМЫ КАК ПРЕДМЕТ | |
| Наименование темы | Мишени ядерные |
| Системный номер авторитетной/нормативной записи | 915040 |
| Идентификатор авторитетной/нормативной записи | RU\NLR\AUTH\6615272 |
| 686 0# - ИНДЕКСЫ ДРУГИХ КЛАССИФИКАЦИЙ | |
| Индекс | В383.57 |
| Код системы | |
| 700 #1 - ИМЯ ЛИЦА - ПЕРВИЧНАЯ ОТВЕТСТВЕННОСТЬ | |
| Начальный элемент ввода | Рекало |
| Часть имени, кроме начального элемента ввода | М. П. |
| Расширение инициалов личного имени | Михаил Петрович |
| 701 #1 - ИМЯ ЛИЦА - АЛЬТЕРНАТИВНАЯ ОТВЕТСТВЕННОСТЬ | |
| Начальный элемент ввода | Гах |
| Часть имени, кроме начального элемента ввода | Г. И. |
| Расширение инициалов личного имени | Геннадий Иванович |
| 701 #1 - ИМЯ ЛИЦА - АЛЬТЕРНАТИВНАЯ ОТВЕТСТВЕННОСТЬ | |
| Начальный элемент ввода | Рекало |
| Часть имени, кроме начального элемента ввода | А. П. |
| Расширение инициалов личного имени | Алексей Петрович |
| 712 02 - НАИМЕНОВАНИЕ ОРГАНИЗАЦИИ - ВТОРИЧНАЯ ОТВЕТСТВЕННОСТЬ | |
| Код отношения | Издатель |
| Начальный элемент ввода | Физико-технический институт |
| Идентифицирующий признак | Харьков |
| Системный номер авторитетной/нормативной записи | 434279 |
| Идентификатор авторитетной/нормативной записи | RU\NLR\AUTH\889968946 |
| 801 #0 - ИСТОЧНИК ЗАПИСИ | |
| Страна | Российская Федерация |
| Организация | NLR |
| Дата составления | 20160122 |
| Правила каталогизации | psbo |
| 801 #1 - ИСТОЧНИК ЗАПИСИ | |
| Страна | Российская Федерация |
| Организация | NLR |
| Дата составления | 20160122 |
| Источник данных | rusmarc |
| 801 #2 - ИСТОЧНИК ЗАПИСИ | |
| Страна | Российская Федерация |
| Организация | NLR |
| Дата составления | 20160122 |
| Источник данных | rusmarc |
| 852 ## - МЕСТОНАХОЖДЕНИЕ И ШИФР ХРАНЕНИЯ | |
| Идентификатор организации | NLR |
| Шифр хранения (Call Number) | 88-4/21395 |
| 942 ## - ДОПОЛНИТЕЛЬНЫЕ ЭЛЕМЕНТЫ ЗАПИСИ (АБИС) | |
| Тип экземпляра АБИС | Книга |
| 980 ## - КОЛЛЕКЦИЯ | |
| Название коллекции | Национальная библиография |
Нет доступных экземпляров.